| 000 | 00320nam a22001217a 4500 | ||
|---|---|---|---|
| 020 | _a97814576310942 | ||
| 100 | _aKENNEDY X.J.,KENNEDY DOROTHY M.,MUTH MARCIA F. | ||
| 245 | _aTHE BEDFORD GUIDE FOR COLLEGE WRITERS | ||
| 250 | _a10TH ED | ||
| 260 |
_aUSA _bBEDFORD/ST. MARTINS _c2014 |
||
| 300 |
_a874 _bILL |
||
| 942 | _cBK | ||
| 999 |
_c252096 _d252095 |
||